000 00901nam a2200277 a 4500
001 69531
003 BD-RjUL
005 20211209081911.0
008 170412s1986 enka b 001 0 eng
020 _a0198546335 :
020 _a0198546327 (pbk.) :
035 _a(BD-RjUL)69743
040 _aDLC
_cDLC
_dDLC
_dBD-RjUL
_beng
041 _aeng
082 0 0 _a543.0871
_223
_bANE 1986
100 1 _aAndrews, Anthony T.
_9113354
245 1 0 _aElectrophoresis :
_btheory, techniques, and biochemical and clinical applications /
_cAnthony T. Andrews.
250 _a2nd ed.
260 _aOxford [Oxfordshire] :
_bClarenden Press ;
_aNew York :
_bOxford University Press,
_c1986.
300 _axv, 452 p. :
_bill. ;
_c24 cm.
490 _aMonographs on physical biochemistry
500 _aIncludes index.
504 _aBibliography: p. [409]-437.
650 0 _aElectrophoresis.
_9113356
942 _2ddc
_cBK
999 _c69531
_d69531